Missing Word: TV/Movie Clichés A-Z Quiz Stats

 Plays Quiz Updated Mar 1, 2018

Support Sporcle.
Go Orange.
Score 0/26 Timer 02:00
5 Plays Today
Overused Cliché Words (A-Z) % Correct
'Over my dead ____!'  (B)body
99.4%
'Hey… I 'm standing right ____!'  (H)here
96%
'Let's __ this thing!'  (D)DO
95.7%
'I could TELL you… but then I'd have to ____ you!' (K)kill
95.5%
'Now, don't get any bright ____!'' (I)ideas
95.1%
'You just don't ___ it, do you?!'  (G)get
93.8%
'You'll never get ____ with this…!' (A)away
93.7%
'You haven't seen the ____ of me!'  (L)last
92.6%
'I'm getting too ___ for this!'  (O)old
92.6%
'Ha!... The ____ is on you!'  (J)joke
92.4%
'I ____ thought it would come to this….'  (N)never
91.7%
'This ___ NOW!'  (E)ends
85.8%
'I promise, you won't ______ this!'  (R)regret
84.4%
Overused Cliché Words (A-Z) % Correct
'I don't get ___, I get EVEN!'  (M)mad
83%
'Now, THAT's what I'm ______about!'  (T)talking
81.5%
'Why is it so _____ all of a sudden?' (Q)quiet
80.5%
'He's of no ___ to us now….'  (U)use
78.1%
'According...to...my... __________....' (C)calculations
77.1%
'You'll _____ about it in the morning…'  (F)forget
74.3%
'I'm just getting _______!'  (S)started
71.8%
'Meet your new _______!'  (P)partner
70.2%
'It can't get any ______, can it…?' (W)worse
67.8%
'What are ___ looking at?'  (Y)YOU
64.4%
'Get out of the _______…'  (V)vehicle
63.9%
'I'll look at the _____ first, to be sure...' (X)x-ray
59.2%
'____ in, and take a closer look!'  (Z)zoom
57.1%

Today's Daily Dose

You're not logged in!

Compare scores with friends on all Sporcle quizzes.
OR
Log In

From the Vault

Album of the Year Nominees: '90s, '00s, '10s

by Flags12345

Milli Vanilli juuust missed the cut.
Remove Ads.
Support Sporcle.
Get the best of Sporcle when you Go Orange. This ad-free experience offers more features, more stats, and more fun while also helping to support Sporcle. Thank you for becoming a member.

Show Comments

Extras

Top Quizzes Today


Score Distribution

Your Account Isn't Verified!

In order to create a playlist on Sporcle, you need to verify the email address you used during registration. Go to your Sporcle Settings to finish the process.

Report this User

Report this user for behavior that violates our Community Guidelines.

Details: